Vista normal
Vista MARC
Entrada Materia (personas)
Número de registros utilizados en: 4
001 - CONTROL NUMBER
- control field: 65884
003 - CONTROL NUMBER IDENTIFIER
- control field: Co-BoUCM
005 - DATE AND TIME OF LATEST TRANSACTION
- control field: 20141113131956.0
008 - FIXED-LENGTH DATA ELEMENTS
- fixed length control field: 141113|| aca||aabn | a|a d
040 ## - CATALOGING SOURCE
- Original cataloging agency: Co-BoUCM
- Transcribing agency: Co-BoUCM
100 ## - HEADING--PERSONAL NAME
- Personal name: Fustel de Coulanges, Numa Denis
- Dates associated with a name: 1830-1889
670 ## - SOURCE DATA FOUND
- Source citation: Work cat.: (Co-BoUCM)35881: Fustel de Coulanges, Numa Denis 1830-1889, La ciudad antigua estudio sobre el culto, el derecho, las instituciones de Grecia y Roma, 1942